00669nam a2200217Ia 4500003000900000008004100009040001300050040001300063041000800076100002000084245005300104250001200157260002100169260000900190300000800199490001400207490000600221942000700227999001700234952020000251IT-RoPAU120407s9999 xx 000 0 und d aIT-RoPAU cIT-RoPAU aita aAntonio Rosmini aMassime di perfezione comuni a tutti i cristiani aPescara aEdizioni Paoline c1963 c cm aUt innot. v1 cBK c13729d13729 00102ddc406248_54700000000000071aPAULUSbPAULUSd2012-04-11l0o248.547r2012-04-11 00:00:00w2012-04-11yBKzInserito da: Mario In data: 02 settembre 2011 fondo: Via A.Severo 56 Progr:25964